Athletic Club Squad 2014-2015 - Statistics

General Stats
  • This quiz has been taken 20 times
  • The average score is 18 of 26
Answer Stats
# Position Nation Player % Correct
20 FW Spain Aritz Aduriz
100%
4 DF Spain Aymeric Laporte
100%
1 GK Spain Gorka Iraizoz
100%
14 MF Spain Markel Susaeta
100%
15 DF Spain Andoni Iraola
91%
7 MF Spain Beñat Etxebarria
91%
2 FW Spain Gaizka Toquero
91%
13 GK Spain Iago Herrerín
91%
10 MF Spain Óscar de Marcos
91%
8 MF Spain Ander Iturraspe
82%
- Coach Spain Ernesto Valverde
82%
19 FW Spain Iker Muniain
82%
6 DF Spain Mikel San José
82%
11 MF Spain Ibai Gómez
73%
24 DF Spain Mikel Balenziaga
73%
17 MF Spain Mikel Rico
73%
21 FW Spain Borja Viguera
64%
18 DF Spain Carlos Gurpegi
64%
9 FW Spain Kike Sola
64%
16 DF Spain Xabier Etxeita
64%
12 DF Spain Unai Bustinza
45%
3 DF Spain Jon Aurtenetxe
36%
23 MF Spain Ager Aketxe
27%
5 MF Spain Erik Morán
18%
22 FW Spain Guillermo Fernández
18%
29 MF Spain Unai López
18%
No matching quizzes found
Score Distribution
Percent of People with Each Score
Percentile by Number Answered
Your Score History
You have not taken this quiz